000 01024cam a22002652 4500
001 e 30000338
003 DLC
005 20260227111220.0
008 830608s1930 dcuad 000 0 eng
010 _ae 30000338
040 _aDLC
_cCarP
_dDLC
043 _an-us---
050 0 0 _aL111
_b.A6 1930, no. 9
051 _aS533
_b.A4 1930c
_cCopy 2.
110 1 _aUnited States.
_bOffice of education. [from old catalog]
245 1 0 _aSurvey of land-grant colleges and universities,
_cdirected by Arthur J. Klein, chief, Division of collegiate and professional education, Office of education ...
260 _aWashington,
_bU.S. Govt. print. off.,
_c1930.
300 _a2 v.
_btables, charts.
_c23 cm.
490 0 _aBureau of education. Bulletin,
_v1930, no. 9 [from old catalog]
650 0 _aUniversities and colleges
_zUnited States.
650 0 _aAgricultural colleges
_zUnited States.
650 0 _aEducational surveys.
700 1 _aKlein, Arthur Jay,
_d1884-1957.
740 0 _aLand-grant colleges and universities.
999 _c21057
_d21057